00674nam a22002417a 4500003000500000005001700005008004100022010001000063011001000073035001000083040000900093082001500102110003800117245006500155250001000220260002600230300001100256490003900267650003300306650003500339650001900374830003900393CHAP20220329135312.0971013s1962 r 00010 d a34066 a35038 a39154 cCHAP a338.7bO35 aOficina Internacional del Trabajo aAumento de la productividad en las industrias manufactureras a3 ed. aGinebra :bOIT,c1962 a227 p. aEstudios y documentos, N. S.v; 3814aIndustriaxAdministración.14aPersonalxAdministración de.14aProductividad.0 aEstudios y documentos, N. S.v; 38